| 000 | 00679nam a2200217Ia 4500 | ||
|---|---|---|---|
| 003 | IN-BaIIA | ||
| 008 | 211028s9999 xx 000 0 eng d | ||
| 040 | _cIIA Library | ||
| 080 |
_a084.4:52 _bRAH |
||
| 100 |
_aRahe, Jurgen _97438 |
||
| 245 | 0 |
_aAtlas of cometary forms _bstructures near the nucleus _cJurgen Rahe, Bertram Donn and Karl Wurm |
|
| 260 |
_aWashington _bNational Aeronautics and Space Administration _c1969 |
||
| 300 | _aix, 128p. | ||
| 490 | _aNASA SP-198 | ||
| 650 | _aAstronomy and astrophysics thesaurus | ||
| 650 |
_aAtlas - comets _97439 |
||
| 650 |
_aComets - atlas _97440 |
||
| 700 |
_aDonn, Bertram _97441 |
||
| 700 |
_aWurm, Karl _97125 |
||
| 942 | _cBK | ||
| 999 |
_c4230 _d4230 |
||